000 00339nam a2200157Ia 4500
001 16914
003 IN-NITTTR
005 20251114233200.0
008 251113s9999||||xx |||||||||||||| ||eng||
040 _beng
040 _cIN-NITTTR
041 _aeng
082 _a153.2 C739
245 4 _aThe communication of ideas /
942 _2ddc
_cBK
999 _c19548
_d19548